Chile: anuario Contrapunto, diseño Chile 2000-2001
Saved in:
| Hovedforfatter: | |
|---|---|
| Format: | Bog |
| Sprog: | spansk |
| Udgivet: |
Santiago
Contrapunto
2002
|
| Fag: | |
| Tags: |
Tilføj Tag
Ingen Tags, Vær først til at tagge denne postø!
|
MARC
| LEADER | 00000nam a2200000 a 4500 | ||
|---|---|---|---|
| 001 | UCL8748 | ||
| 003 | CL-VaPUC | ||
| 008 | 040702e20020000CL |||||||||||||||||spa|d | ||
| 020 | |a 956257038K | ||
| 082 | 0 | 4 | |a 745.44983 |b VIL |2 21 |
| 100 | 0 | |a Villar F., Ximena |e author |9 486736 | |
| 245 | 1 | 0 | |a Chile: anuario Contrapunto, diseño Chile 2000-2001 |
| 300 | |a 279 p | ||
| 942 | |c BK | ||
| 945 | |d 20040702 00:00:00 |a cmena | ||
| 260 | |a Santiago |b Contrapunto |c 2002 | ||
| 650 | 0 | |a Diseño artístico |9 330956 | |
| 650 | 0 | |a Diseño industrial |9 262726 | |
| 650 | 0 | |a Estilos artísticos |9 340996 | |
| 650 | 0 | |a Publicidad |9 314572 | |
| 650 | 0 | |a decoración de interiores |9 263422 | |
| 650 | 0 | |a Diseño de muebles |9 266980 | |
| 650 | 0 | |a Imagen corporativa |9 464486 | |
| 651 | 7 | |a CHILE |2 CL-VaPUC |9 486737 | |
| 583 | |a last modification |c 20040702 00:00:00 |k Rodrigo Vera | ||
| 999 | |c 309915 |d 309913 | ||
| 952 | |0 0 |1 0 |4 0 |6 745_449830000000000_VIL_2002 |7 0 |8 A |9 377778 |a BIBARQ |b BIBARQ |d 2019-11-21 |i 4032500 |o 745.44983 VIL 2002 |p 4032500 |r 2025-01-20 |w 2019-11-21 |y BK |k ARQ | ||